NBA 90's Players Quiz - Statistics

General Stats
  • This quiz has been taken 234 times
  • The average score is 6 of 7
Answer Stats
Question Answer % Correct
Who played Basketball & Baseball during their career? Michael Jordan
98%
Who was the 6x Champion in the NBA in the 90's? Michael Jordan
94%
Who broke backboards in the early 90's in the NBA? Shaquille O'Neal
94%
Who was intended to go to the Charlotte Hornets but got traded to the Los Angeles Lakers in the 1996 NBA Draft? Kobe Bryant
91%
When did Shaquille O'Neal get traded to the Los Angeles Lakers? 1996
74%
Who was one of the best 3-Point Shooters in the NBA in the 90's? Reggie Miller
61%
How many Conference Titles did the Portland Trail Blazers win in the 90's? 2
52%
No matching quizzes found
Score Distribution
Percent of People with Each Score
Percentile by Number Answered
Your Score History
You have not taken this quiz